« Quand je serai grande, je serai astronaute. » (notice n° 1586947)

détails MARC
000 -LEADER
fixed length control field 01117cam a2200265 4500500
005 - DATE AND TIME OF LATEST TRANSACTION
control field 20251228060110.0
041 ## - LANGUAGE CODE
Language code of text/sound track or separate title fre
042 ## - AUTHENTICATION CODE
Authentication code dc
100 10 - MAIN ENTRY--PERSONAL NAME
Personal name Gomez, Miguel
Relator term author
245 00 - TITLE STATEMENT
Title « Quand je serai grande, je serai astronaute. »
260 ## - PUBLICATION, DISTRIBUTION, ETC.
Date of publication, distribution, etc. 2005.<br/>
500 ## - GENERAL NOTE
General note 18
520 ## - SUMMARY, ETC.
Summary, etc. Résumé Comment une équipe pluridisciplinaire travaille sur un cas de phobie scolaire en réintégrant progressivement dans l’apprentissage d’une jeune femme les compétences qui ont été laissées de côté et en reconstruisant petit à petit les outils de sa réflexion scolaire.
690 ## - LOCAL SUBJECT ADDED ENTRY--TOPICAL TERM (OCLC, RLIN)
Topical term or geographic name as entry element dialogue pédagogique
690 ## - LOCAL SUBJECT ADDED ENTRY--TOPICAL TERM (OCLC, RLIN)
Topical term or geographic name as entry element pan-phobie (agoraphobie
690 ## - LOCAL SUBJECT ADDED ENTRY--TOPICAL TERM (OCLC, RLIN)
Topical term or geographic name as entry element phobie scolaire)
690 ## - LOCAL SUBJECT ADDED ENTRY--TOPICAL TERM (OCLC, RLIN)
Topical term or geographic name as entry element phobie sociale
690 ## - LOCAL SUBJECT ADDED ENTRY--TOPICAL TERM (OCLC, RLIN)
Topical term or geographic name as entry element position dépressive
690 ## - LOCAL SUBJECT ADDED ENTRY--TOPICAL TERM (OCLC, RLIN)
Topical term or geographic name as entry element projet de sens
700 10 - ADDED ENTRY--PERSONAL NAME
Personal name Bonnier-Prin, Béatrice
Relator term author
700 10 - ADDED ENTRY--PERSONAL NAME
Personal name Martin, Sophie
Relator term author
700 10 - ADDED ENTRY--PERSONAL NAME
Personal name Lida-Pulik, Hélène
Relator term author
786 0# - DATA SOURCE ENTRY
Note Enfances & Psy | 28 | 3 | 2005-03-01 | p. 119-126 | 1286-5559
856 41 - ELECTRONIC LOCATION AND ACCESS
Uniform Resource Identifier <a href="https://shs.cairn.info/revue-enfances-et-psy-2005-3-page-119?lang=fr&redirect-ssocas=7080">https://shs.cairn.info/revue-enfances-et-psy-2005-3-page-119?lang=fr&redirect-ssocas=7080</a>

Pas d'exemplaire disponible.

PLUDOC

PLUDOC est la plateforme unique et centralisée de gestion des bibliothèques physiques et numériques de Guinée administré par le CEDUST. Elle est la plus grande base de données de ressources documentaires pour les Étudiants, Enseignants chercheurs et Chercheurs de Guinée.

Adresse

627 919 101/664 919 101

25 boulevard du commerce
Kaloum, Conakry, Guinée

Réseaux sociaux

Powered by Netsen Group @ 2025